| 000 | 00656nam a2200205 a 4500 | ||
|---|---|---|---|
| 005 | 20250205063747.0 | ||
| 008 | 040806s1999 mx r 000 0 spa d | ||
| 020 | _a9701504852 | ||
| 035 | _aUPN01000134144 | ||
| 049 | _aCG | ||
| 050 | 4 |
_aHD38.5 _bA7.3 |
|
| 100 | 1 | _aArbones Malisani, Eduardo A. | |
| 245 | 1 | 3 |
_aLa empresa eficiente : _baprovisionamiento, producción y distribución física / _cEduardo A. Arbones Malisani. |
| 260 |
_aMéxico : _bAlfaomega, _c1999. |
||
| 300 |
_a157 p. : _btablas, gráfs. |
||
| 440 | 0 |
_aProductica ; _v485 |
|
| 650 | 4 |
_aLOGISTICA DE LOS NEGOCIOS _96024 |
|
| 650 | 4 |
_aAdministración industrial _9500 |
|
| 905 | _aLibro | ||
| 999 |
_c106295 _d106295 |
||